| 000 | 00633nam a2200205 u 4500 | ||
|---|---|---|---|
| 005 | 20240606063732.0 | ||
| 008 | 100202s2006 r 000 0 eng d | ||
| 020 | _a9789875381711 | ||
| 035 | _aUPN01000174393 | ||
| 049 | _aCG | ||
| 050 | 4 |
_aLB1027.4 _bS6.6 |
|
| 100 | 1 |
_aSpiegel, Alejandro _930039 |
|
| 245 | 1 | 0 |
_aPlanificando clases interesantes : _bintinerarios para combinar recursos didácticos / _cAlejandro Spiegel. |
| 260 |
_aBuenos Aires : _bNovedades Educativas, _c2006. |
||
| 300 |
_a256 p. : _bil. |
||
| 440 | 0 | _aDidáctica | |
| 650 | 2 |
_aPlan de clase _914466 |
|
| 650 | 2 |
_aRecursos educativos _99810 |
|
| 905 | _aLibro | ||
| 999 |
_c146497 _d146497 |
||